Селен технический. Метод спектрального анализа; ГОСТ 16273.0-85 Селен технический. Общие требования к методу спектрального анализа; ГОСТ 16273.1-85 Селен технический. Метод спектрального анализа

Podrobná bibliografie
Korporativní autor: СССР Государственный комитет по стандартам (Госстандарт)
Jazyk:ruština
Vydáno: Москва, Изд-во стандартов, 1985
Vydání:Изд. офиц.
TOC:ГОСТ 16273.0-85 Селен технический. Общие требования к методу спектрального анализа;
ГОСТ 16273.1-85 Селен технический. Метод спектрального анализа;
Edice:Государственные стандарты
Témata:
Médium: MixedMaterials Kniha
KOHA link:https://koha.lib.tpu.ru/cgi-bin/koha/opac-detail.pl?biblionumber=154890

MARC

LEADER 00000nam0a2200000 4500
001 154890
005 20231031152046.0
035 |a (RuTPU)RU\TPU\book\167991 
035 |a RU\TPU\book\167374 
090 |a 154890 
100 |a 20090305d1985 km y0rusy50 ca 
101 0 |a rus 
102 |a RU 
105 |a a l 000zy 
200 1 |a Селен технический. Метод спектрального анализа 
205 |a Изд. офиц. 
210 |a Москва  |c Изд-во стандартов  |d 1985 
215 |a 15 с.  |c ил. 
225 1 |a Государственные стандарты 
464 |t ГОСТ 16273.0-85 Селен технический. Общие требования к методу спектрального анализа 
464 |t ГОСТ 16273.1-85 Селен технический. Метод спектрального анализа 
610 1 |a ГОСТы 
610 1 |a стандарты 
610 1 |a селен 
610 1 |a методы 
610 1 |a спектральный анализ 
712 0 1 |a СССР  |b Государственный комитет по стандартам (Госстандарт)  |c (1978-1989)  |2 stltpush  |3 (RuTPU)RU\TPU\col\12454 
801 2 |a RU  |b 63413507  |c 20221208  |g PSBO 
942 |c BK